[Event "Olympiad Women 2024"]
[Site "Budapest HUN"]
[Date "2024.09.22"]
[Round "11.34"]
[Board "1"]
[White "Stojkovska, Monika"]
[Black "Sanudula, K M Dahamdi"]
[Result "1/2-1/2"]
[WhiteElo "2043"]
[BlackElo "2023"]
[PlyCount "131"]
[EventDate "2024.09.11"]
[WhiteTeam "North Macedonia"]
[BlackTeam "Sri Lanka"]
[BlackTeamCountry "SRI"]

1. e4 d5 2. exd5 Qxd5 3. Nc3 Qa5 4. d4 Nf6 5. a3 c6 6. Bd3 Bg4 ({RR} 6... g6 7. Nge2 Bg7 8. Bd2 O-O 9. Ne4 Qd8 10. Nxf6+ Bxf6 11. h4 e5 12. h5 Re8 13. hxg6 hxg6 14. dxe5 Bxe5 15. Kf1 Qf6 16. Nc3 Bf5 17. Qf3 Be6 18. Qe3 Bd5 19. Qh6 Qg7 20. Re1 Qxh6 21. Rxh6 {1-0 Martinez Fernandez,A (2400)-Dominguez Pons,E (2327) TCh-CAT Gp2 2024 (6.3)}) 7. Nf3 e6 8. h3 Bh5 9. g4 $146 ({RR} 9. Bd2 Nbd7 10. Qe2 Qc7 11. O-O-O O-O-O 12. Kb1 Nb6 13. g4 Bg6 14. Bg5 Bxd3 15. Rxd3 Nc4 16. Rdd1 Nd6 17. Ne5 Re8 18. Na2 Nd5 19. Bc1 f6 20. Nd3 Qb6 21. c3 Nc4 22. Ka1 Na5 23. b4 Nb3+ {1-0 Mamedov,R (2689)-Gorovets,A (2524) EU-ch 18th Minsk 2017 (4)}) 9... Bg6 10. Ne5 Bxd3 11. Qxd3 Nbd7 12. f4 Nd5 13. Nc4 Qc7 14. Nxd5 cxd5 15. Ne5 Bd6 16. Bd2 a6 17. Nxd7 Qxd7 18. O-O-O O-O-O 19. Rhf1 g6 20. f5 exf5 21. gxf5 Kb8 22. Qb3 Qc6 23. Rf3 Bc7 24. Rdf1 Rhe8 25. fxg6 fxg6 26. Rf7 Rd7 27. Qf3 Rxf7 28. Qxf7 Rc8 29. Kb1 Bd6 30. Rc1 Rc7 31. Qf1 Ka7 32. Qd3 Rf7 33. Rf1 Rxf1+ 34. Qxf1 Qd7 35. Qf3 Qf5 36. Qxf5 gxf5 37. Kc1 Kb6 38. Be3 Kc6 39. Kd2 Kd7 40. a4 Ke6 41. Bf2 f4 42. Ke2 Kf5 43. Kf3 b5 44. axb5 axb5 45. Be1 Kg5 46. Bd2 Bc7 47. Be1 Bb6 48. c3 Bc7 49. Bd2 Kf5 50. Be1 Bd8 51. Bd2 Bg5 52. Be1 Bd8 53. Bd2 Bc7 54. Be1 Bd6 55. Bd2 h5 56. Be1 Kg5 57. Ke2 Bc7 58. Kf3 Bd6 59. Ke2 Bc7 60. Kf3 Bb6 61. Bd2 Bc7 62. Be1 Kf5 63. Bh4 Bb6 64. Be7 Bc7 65. Bh4 Bd6 66. Bd8 1/2-1/2

[Event "Olympiad Women 2024"]
[Site "Budapest HUN"]
[Date "2024.09.22"]
[Round "11.34"]
[Board "2"]
[White "Tharushi, T H D Niklesha"]
[Black "Manova, Ivana"]
[Result "0-1"]
[WhiteElo "1852"]
[BlackElo "2031"]
[PlyCount "106"]
[EventDate "2024.09.11"]
[WhiteTeam "Sri Lanka"]
[BlackTeam "North Macedonia"]
[WhiteTeamCountry "SRI"]

1. d4 Nf6 2. c4 e5 3. dxe5 Ng4 4. Bf4 Nc6 5. Nf3 Bb4+ 6. Nc3 Bxc3+ 7. bxc3 Qe7 8. Qd5 f6 9. exf6 Nxf6 10. Qd3 d6 11. Qe3 ({RR} 11. g3 b6 12. Bg2 Bb7 13. O-O Na5 14. Nd4 Bxg2 15. Kxg2 O-O 16. Bg5 Rae8 17. Rae1 Qf7 18. Bxf6 gxf6 19. e4 Qxc4 20. Qd2 Nb7 21. Re3 Nc5 22. Rfe1 a5 23. h4 a4 24. Qe2 Qxe2 25. R1xe2 Kf7 {½-½ Ljubojevic,L (2571)-Ivanchuk,V (2714) Amber-blindfold 08th rapid 1999 (7)}) ({RR} 11. g3 Ne5 12. Nxe5 dxe5 13. Bg5 O-O 14. Bg2 c6 15. O-O Be6 16. Bxf6 Qxf6 17. Rad1 Rad8 18. Qe4 Rxd1 19. Rxd1 Qxf2+ 20. Kh1 Qf5 21. Qxf5 Bxf5 22. c5 Kf7 23. Kg1 Ke7 24. a3 Bg4 25. Rd2 Be6 {½-½ Gurevich,D (2374)-Mazurkiewicz,M (2145) Titled Tue 30th Jan Early 2024 (4)}) 11... Be6 12. Nd4 Bxc4 13. Qxe7+ $146 ({RR} 13. Nxc6 Qxe3 14. Bxe3 bxc6 15. g3 O-O 16. Bg2 Ng4 17. Bf4 g5 18. Bxc6 Rab8 19. Bxg5 Rb2 20. O-O Rxe2 21. Bf4 Ne5 22. Bg2 Nd3 23. Be3 a6 24. Rad1 Rxa2 25. Rxd3 Bxd3 26. Bd5+ Kg7 27. Bd4+ Kg6 {1-0 Gauche,E-Godois,J Lages CC-ch 1990 (5)}) ({RR} 13. Nxc6 Qxe3 14. Bxe3 bxc6 15. Bd4 O-O 16. Bxf6 Rxf6 17. e4 Be6 18. f3 Rb8 19. Bd3 Rb2 20. O-O Rf8 21. Rfd1 Rfb8 22. Rdb1 Kf8 23. a4 a5 24. Rc1 Rd2 25. Bf1 Rbb2 26. h4 Ke7 27. Kh2 Ra2 {0-1 Kanengoni,A-Dominguez,J (2235) Olympiad-29 Novi Sad 1990 (7)}) ({RR} 13. Nxc6 bxc6 14. Qxe7+ Kxe7 15. Bg5 Rab8 16. e3 Bxf1 17. Rxf1 Rb2 18. a4 Rhb8 19. Kd1 R8b3 20. Kc1 h6 21. Bxf6+ Kxf6 22. g3 Ke5 23. c4 Ke4 24. Kd1 Kd3 {0-1 Laurrabaquio Ramirez,I (1498)-Carreras Mendiolea,P (1792) Villahermosa Mexican op (Women) 2021 (2)}) 13... Nxe7 14. e3 Bxf1 15. Rxf1 Kd7 16. Bg5 Rhf8 17. f3 d5 18. O-O-O h6 19. Bxf6 Rxf6 20. e4 c5 21. Nb3 c4 22. Nd2 b5 23. exd5 Rd6 24. Rfe1 Rxd5 25. Nxc4 Rc8 26. Rxe7+ Kxe7 27. Rxd5 Rxc4 28. Kb2 a6 29. Kb3 Ke6 30. Rd4 Rc6 31. a4 bxa4+ 32. Rxa4 g5 33. Kb4 Ke5 34. c4 Kd4 35. c5 Rxc5 36. Kb3+ Ke3 37. Rxa6 h5 38. Rh6 h4 39. Rd6 Re5 40. Kc4 Kf2 41. Kd4 Rf5 42. Ra6 Kxg2 43. Ra2+ Kxf3 44. Ra3+ Kg2 45. Ra2+ Rf2 46. Ra5 g4 47. Rg5 Kh3 48. Ke3 Rxh2 49. Ra5 g3 50. Ra3 Rf2 51. Ra4 Rf8 52. Ke2 g2 53. Ra1 Kh2 0-1

[Event "Olympiad Women 2024"]
[Site "Budapest HUN"]
[Date "2024.09.22"]
[Round "11.34"]
[Board "3"]
[White "Zhezhovska, Monika"]
[Black "Pallie, Ehsha Mishela"]
[Result "0-1"]
[WhiteElo "2106"]
[BlackElo "1767"]
[PlyCount "86"]
[EventDate "2024.09.11"]
[WhiteTeam "North Macedonia"]
[BlackTeam "Sri Lanka"]
[BlackTeamCountry "SRI"]

1. d4 Nf6 2. c4 e6 3. Nc3 Bb4 4. Qc2 d5 5. cxd5 Qxd5 6. Nf3 Qf5 7. Qxf5 exf5 8. Bd2 Be6 9. g3 ({RR} 9. e3 Nbd7 10. Bd3 g6 11. Ke2 a6 12. Ng5 Bd6 13. Rac1 Ke7 14. f3 c5 15. Nxe6 fxe6 16. dxc5 Nxc5 17. Bb1 Rac8 18. Rc2 Rhd8 19. Rhc1 Rc6 20. Nd1 Rdc8 21. b4 Ncd7 22. Rxc6 Rxc6 23. Rxc6 bxc6 {½-½ Holt,C (2540)-Duda,J (2724) Titled Tue 30th May Late 2023 (8)}) 9... c6 10. Bg2 Nbd7 11. O-O Bxc3 $146 ({RR} 11... Be7 12. b3 h6 13. Ne1 O-O 14. Nd3 Rfd8 15. Rfd1 Nb6 16. e3 Nbd5 17. Nxd5 Nxd5 18. Rac1 Ba3 19. Rc2 a5 20. Nc5 Ra7 21. Bc1 Bxc5 22. Rxc5 a4 23. Bd2 axb3 24. axb3 Ra2 25. b4 Nc7 26. Be1 {½-½ Pokorny,P (2199)-Roj,M (2157) CZE-chT1W 0809 2008 (5.6)}) ({RR} 11... O-O 12. Rfd1 Rfe8 13. a3 Bd6 14. Bf4 Bxf4 15. gxf4 Nb6 16. Ne5 Bb3 17. Re1 Nfd5 18. Nxd5 Bxd5 19. Rac1 a5 20. Nd3 a4 21. Nc5 Re7 22. e3 h6 23. Bxd5 Nxd5 24. Kf1 Nb6 25. Rc3 g5 26. fxg5 {½-½ Maksimovic,M (2186)-Martinovic,S (2393) Belgrade-chT 2013 (2.1)}) 12. Bxc3 Ne4 13. h4 Ndf6 14. Ne5 Nd5 15. Rfc1 O-O 16. Nd3 Rfe8 17. Be1 Rad8 18. e3 f6 19. b4 Nd6 20. a4 a6 21. Rab1 Bf7 22. Nc5 Re7 23. Bf1 g5 24. hxg5 fxg5 25. Bg2 Bg6 26. Rb3 f4 27. gxf4 gxf4 28. e4 Nxe4 29. Nxe4 f3 30. Nc5 fxg2 31. Bd2 Re2 32. Bh6 b6 33. Nb7 Rd7 34. Rf3 Re8 35. Rxc6 Rxb7 36. Re6 Rbb8 37. Re5 Nxb4 38. Rb3 a5 39. Kxg2 Rxe5 40. dxe5 Kf7 41. f4 Rc8 42. Re3 Ke6 43. Kg3 Nd5 0-1

[Event "Olympiad Women 2024"]
[Site "Budapest HUN"]
[Date "2024.09.22"]
[Round "11.34"]
[Board "4"]
[White "Gunawardhana, Devindya Oshini"]
[Black "Eftovska, Lea"]
[Result "1-0"]
[WhiteElo "1956"]
[BlackElo "1839"]
[PlyCount "73"]
[EventDate "2024.09.11"]
[WhiteTeam "Sri Lanka"]
[BlackTeam "North Macedonia"]
[WhiteTeamCountry "SRI"]

1. e4 e5 2. Nf3 Nc6 3. Bb5 a6 4. Ba4 Nf6 5. d3 b5 6. Bb3 Bc5 7. Nc3 h6 8. Nd5 d6 9. c3 O-O 10. Nxf6+ Qxf6 11. Bd5 Bd7 12. Rg1 Rab8 13. g4 Qd8 14. g5 g6 ({RR} 14... Kh7 15. gxh6 gxh6 16. Ng5+ hxg5 17. Qh5+ {1-0 Rosenberg,T (1906)-Hoerstrup,R (1758) 51st Sparkassen Open B 2024 (6.7)}) 15. gxh6 Kh8 16. Bg5 $146 ({RR} 16. b4 Bb6 17. Ng5 Qe7 18. h4 f6 19. Nf3 Qe8 20. Qe2 Nd8 21. Be3 Be6 22. Kd2 c6 23. Bb3 c5 24. Rg3 cxb4 25. cxb4 Bxe3+ 26. Qxe3 Qf7 27. Rag1 Bxb3 28. axb3 Qxb3 29. Rxg6 Ne6 30. Qa7 Qxb4+ {½-½ Vachier Lagrave,M (2789)-Giri,A (2782) Paris GCT rapid 2016 (9)}) 16... f6 17. Bd2 Ne7 18. Bb3 Kh7 19. Qe2 Bb6 20. O-O-O c5 21. Rg3 Be8 22. h4 d5 23. h5 Rg8 24. hxg6+ Rxg6 25. Rdg1 Rxg3 26. Rxg3 Bg6 27. exd5 Qd6 28. Nh4 Rg8 29. Nxg6 Rxg6 30. Rxg6 Nxg6 31. Qg4 Bd8 32. Qf5 Be7 33. d4 Qd8 34. Bc2 Qg8 35. dxe5 fxe5 36. d6 Bd8 37. Qd7+ 1-0

[Event "Olympiad Women 2024"]
[Site "Budapest HUN"]
[Date "2024.09.22"]
[Round "11.35"]
[Board "1"]
[White "Wagener, Anna"]
[Black "Bwalya Mulwale, Lubuuto"]
[Result "1-0"]
[WhiteElo "2251"]
[BlackElo "1852"]
[PlyCount "45"]
[EventDate "2024.09.11"]
[WhiteTeam "Luxembourg"]
[BlackTeam "Zambia"]
[WhiteTeamCountry "LUX"]
[BlackTeamCountry "ZAM"]

1. e4 e6 2. Nf3 d5 3. Nc3 Nf6 4. e5 Nfd7 5. d4 a6 6. Bd3 Be7 7. Ne2 c5 8. c3 cxd4 9. cxd4 Nc6 10. O-O Qb6 11. a3 Nf8 $146 ({RR} 11... O-O 12. Nf4 Re8 13. Bb1 Nf8 14. h4 Bd7 15. Nh5 Rec8 16. Qd2 Na5 17. Nxg7 Kxg7 18. Qh6+ Kg8 19. Bg5 Bxg5 20. Nxg5 Be8 21. Bxh7+ Nxh7 22. Nxh7 f5 23. exf6 Rc7 24. Ng5 Nb3 25. Rad1 Rac8 26. Rfe1 {1-0 Krajnak,M (2230)-Vavrak,P (2075) SVK-chB op Kaskady 2002 (8.7)}) 12. b4 Bd7 13. Be3 Ng6 14. Qd2 O-O 15. Ng3 Rfc8 16. Nh5 Qd8 17. h3 Na7 18. Nh2 Bb5 19. Ng4 Bxd3 20. Qxd3 Nb5 21. Bh6 Rc4 22. Bxg7 Rxd4 23. Nh6# 1-0

[Event "Olympiad Women 2024"]
[Site "Budapest HUN"]
[Date "2024.09.22"]
[Round "11.35"]
[Board "2"]
[White "Likando Namakau"]
[Black "Steil-Antoni, Fiona"]
[Result "0-1"]
[WhiteElo "1746"]
[BlackElo "2085"]
[PlyCount "106"]
[EventDate "2024.09.11"]
[WhiteTeam "Zambia"]
[BlackTeam "Luxembourg"]
[WhiteTeamCountry "ZAM"]
[BlackTeamCountry "LUX"]

1. e4 c6 2. d4 g6 3. Nf3 Bg7 4. Bc4 d5 5. exd5 cxd5 6. Bb5+ Bd7 7. Bxd7+ Nxd7 8. c3 e6 9. Bg5 Qc7 10. O-O Ngf6 11. Nbd2 O-O 12. Re1 b5 13. Qb3 Rfb8 14. a3 $146 ({RR} 14. Bh4 Rb6 15. Bg3 Qb7 16. h3 Bh6 17. Re2 a5 18. a3 Rc8 19. Ne5 Nxe5 20. Bxe5 Nd7 21. Nf3 Rc4 22. Rae1 b4 23. cxb4 axb4 24. Rd1 bxa3 25. Qxa3 Rcb4 26. Rb1 Bf8 27. Qc3 Qa6 28. Ree1 Rb3 {½-½ Schumacher,K (1676)-Stoy,U (1942) Daehne Cup Region Niedersachsen 2017 (2)}) 14... a5 15. Rac1 Qa7 16. Bf4 Rb7 17. Qc2 Nb6 18. Ne5 Nc4 19. Ndxc4 bxc4 20. Rb1 Rb3 21. h3 Qb7 22. Nf3 Ne4 23. Nd2 Nxd2 24. Bxd2 Ra6 25. Bc1 Rab6 26. Ra1 Bf8 27. Qe2 Bd6 28. Qf3 a4 29. Qg4 Rxb2 30. Bxb2 Rxb2 31. Qd1 Rb3 32. Qc2 Bxa3 33. Ra2 Qb5 34. Re3 Rb2 35. Rxb2 Bxb2 36. Qe2 a3 37. Rxe6 fxe6 38. Qxe6+ Kf8 39. Qf6+ Ke8 40. Qh8+ Kd7 41. Qxh7+ Kc8 42. Qg8+ Kb7 43. Qf7+ Ka6 44. Qf8 Bxc3 45. Qxa3+ Ba5 46. Qd6+ Bb6 47. Qxg6 c3 48. Qg8 Qc6 49. Qf8 c2 50. Qa3+ Ba5 51. Qd3+ Ka7 52. g3 c1=Q+ 53. Kg2 Q6c2 0-1

[Event "Olympiad Women 2024"]
[Site "Budapest HUN"]
[Date "2024.09.22"]
[Round "11.35"]
[Board "3"]
[White "Kremer, Nadine"]
[Black "Mbatha, Constance"]
[Result "1/2-1/2"]
[WhiteElo "1898"]
[BlackElo "1799"]
[PlyCount "63"]
[EventDate "2024.09.11"]
[WhiteTeam "Luxembourg"]
[BlackTeam "Zambia"]
[WhiteTeamCountry "LUX"]
[BlackTeamCountry "ZAM"]

1. e4 {Chekhov,Valery A} e5 2. Nc3 Bc5 3. f4 d6 4. Nf3 Bg4 5. Bc4 ({RR} 5. h3 Bxf3 6. Qxf3 Nc6 ({RR} 6... exf4 7. Qxf4 Nc6 8. Bb5 Nge7 9. d3 O-O 10. Bd2 Nd4 11. O-O-O c6 12. Ba4 b5 13. Bb3 b4) 7. Bb5 Nge7 8. f5 ({RR} 8. Ne2 O-O 9. f5 d5 10. f6 Ng6 11. fxg7 Kxg7 12. Bxc6 bxc6 13. d3 Kh8 14. h4 dxe4 15. Qxe4 Qd6) 8... a6 ({RR} 8... O-O 9. f6 Nd4 10. Qg4 Ng6) 9. Ba4 b5 10. Bb3 Nd4 11. Qg4 O-O ({RR} 11... g6 12. fxg6 hxg6 13. d3) 12. f6 Ng6 13. Nd5 c6 ({RR} 13... gxf6 14. Rf1) 14. Ne7+ Kh8 15. fxg7+ Kxg7 16. Nf5+ Nxf5 ({RR} 16... Kh8 17. Nxd4 Bxd4 18. c3 Bb6 19. d3) 17. exf5 h5 ({RR} 17... Qh4+ 18. g3 Qxg4 19. hxg4 Ne7 20. d4 Bxd4 21. Bh6+) 18. Qxh5 Rh8 19. Qf3 ({RR} 19. Qg4 Qh4+ 20. Qxh4 Nxh4 21. g4 e4) 19... e4 {1-0 Fedorov,A (2555)-Najer,E (2480) RUS-Cup2 Moscow 1996 (4)} {RR} 20. Qg4 Qh4+ 21. Qxh4 Nxh4 22. g4 Rae8) 5... Nc6 6. Bb5 ({RR} 6. fxe5 dxe5 7. Rf1 Nf6 8. Bb5 O-O 9. Bxc6 bxc6 10. b3 Bd4 11. Bb2 Bxc3 12. Bxc3 Nxe4 13. Bb4 Re8 14. h3 Bxf3 15. Qxf3 Qd4 16. Bc3 Nxc3 17. dxc3 Qd5 18. Rd1 Qe6 19. Qe4 Rad8 20. Rf3 Rxd1+ {0-1 Sezdbekov,A (1631)-Zhusupov,M (1766) KGZ-ch FL Bishkek 2019 (8)}) 6... Nge7 7. Na4 Bb6 $146 ({RR} 7... O-O 8. Nxc5 dxc5 9. Be2 exf4 10. d3 f5 11. exf5 Nxf5 12. Bxf4 Bxf3 13. Bxf3 Qd4 14. Be4 Rae8 15. Qe2 Qxb2 16. O-O Ncd4 17. Qg4 Qxc2 18. Rf2 Qa4 19. Raf1 Qa6 20. Bxc7 Nh6 21. Bd5+ {1-0 Deegens,V-Schouten,N (2250) NED-chT 9697 1996}) 8. h3 Bxf3 9. Qxf3 O-O 10. c3 f5 11. Nxb6 axb6 12. O-O fxe4 13. Qxe4 d5 14. Qe2 e4 15. d3 Nf5 16. Re1 Re8 17. Qf2 Qf6 18. Be3 Qg6 19. Rad1 Nd6 20. a4 Rf8 21. dxe4 Nxe4 22. Qe2 Ne7 23. Qg4 Qxg4 24. hxg4 c6 25. Bd3 Rxa4 26. Bc2 Ra2 27. Bxe4 dxe4 28. Rd7 Nd5 29. Bd4 Rf7 30. Rd8+ Rf8 31. Rd7 Rf7 32. Rd8+ 1/2-1/2

[Event "Olympiad Women 2024"]
[Site "Budapest HUN"]
[Date "2024.09.22"]
[Round "11.35"]
[Board "4"]
[White "Mwale, Naomi"]
[Black "Lyon, Hannah Jane"]
[Result "0-1"]
[WhiteElo "1767"]
[BlackElo "1797"]
[PlyCount "196"]
[EventDate "2024.09.11"]
[WhiteTeam "Zambia"]
[BlackTeam "Luxembourg"]
[WhiteTeamCountry "ZAM"]
[BlackTeamCountry "LUX"]

1. e4 c6 2. d4 d5 3. exd5 cxd5 4. Bd3 Nc6 5. c3 Nf6 6. h3 h6 7. Nf3 e6 8. O-O ({RR} 8. Bf4 Bd6 9. Bxd6 Qxd6 10. Qe2 Nd7 11. Nbd2 O-O 12. O-O-O e5 13. dxe5 Ndxe5 14. Nxe5 Nxe5 15. Bc2 Qf6 16. Nb3 Be6 17. Nd4 Rae8 18. g3 Bd7 19. f4 Nc4 20. Qd3 g6 21. Rde1 Rxe1+ 22. Rxe1 Bxh3 {½-½ Lojek,M (2136)-Cempel,J (2005) TCh-CZE 1 Liga Vychod 2023 (7.8)}) 8... Bd6 9. Re1 O-O ({RR} 9... Qc7 10. Qe2 b6 11. Ne5 Bb7 12. Nd2 g5 13. b4 Kf8 14. Bb2 Kg7 15. Rac1 Qe7 16. a3 Rac8 17. Rf1 h5 18. f4 g4 19. f5 Rcg8 20. Qe3 gxh3 21. fxe6 Qxe6 22. Qg5+ Kf8 23. Ng6+ Rxg6 24. Bxg6 {0-1 Grafl,F (2411)-Ilincic,Z (2520) Budapest FS09 GM 2004 (12)}) 10. Ne5 Bd7 $146 ({RR} 10... Bxe5 11. dxe5 Nd7 12. Qh5 f5 13. exf6 Qxf6 14. Be3 e5 15. Nd2 Qd6 16. Rad1 Nf6 17. Qh4 Qe7 18. Nb3 b6 19. Bc2 Be6 20. Bc1 {½-½ Babalola,B (2074)-Didimakon,S Lagos Chevron op 3rd 2015 (4)}) 11. f4 Bc7 12. Qc2 Rc8 13. Qd1 Nxe5 14. fxe5 Ne8 15. Qg4 f5 16. Qg6 Qh4 17. Rf1 Nf6 18. Bxh6 Qxh6 19. Qxh6 gxh6 20. exf6 Rxf6 21. Nd2 Rg6 22. Nf3 Rg3 23. Rad1 Kh7 24. Rf2 Rcg8 25. Kf1 Kg7 26. Re2 Kf6 27. Rdd2 Bf4 28. Rd1 Ke7 29. b3 Kd6 30. c4 b6 31. a3 dxc4 32. bxc4 Bc8 33. Rde1 R3g6 34. Rc2 Bb7 35. c5+ bxc5 36. dxc5+ Kc7 37. Nh4 Rf6 38. c6 Bc8 39. Nf3 Rd8 40. Bc4 Rd6 41. Bb3 Bg3 42. Rec1 e5 43. Ba4 Ba6+ 44. Kg1 e4 45. Ne1 Rd4 46. Bb3 Bf4 47. Rb1 Rxc6 48. Rxc6+ Kxc6 49. Nc2 Rd2 50. Nb4+ Kb5 51. Nxa6 Kxa6 52. Bc4+ Ka5 53. Rb5+ Ka4 54. Rxf5 Be3+ 55. Kf1 Bb6 56. Be2 Ra2 57. Bc4 Rc2 58. Bd5 e3 59. Bf3 e2+ 60. Ke1 Ba5+ 61. Rxa5+ Kxa5 62. Bxe2 Ra2 63. g4 Rxa3 64. h4 Rh3 65. h5 Re3 66. Kf2 Re5 67. Kf3 Kb4 68. Ba6 Ka5 69. Bc8 Rg5 70. Ke3 Kb6 71. Kd4 a5 72. Bd7 Kc7 73. Bf5 Kd6 74. Bc8 a4 75. Kc3 a3 76. Kb3 Ra5 77. Ka2 Ke5 78. Bf5 Kf4 79. Be6 Kg5 80. Bd7 Kh4 81. Be6 Ra4 82. Bd7 Rxg4 83. Kxa3 Rg3+ 84. Kb2 Kxh5 85. Kc2 Re3 86. Kd2 Re7 87. Bh3 Kg5 88. Bf1 h5 89. Be2 h4 90. Ke1 Rf7 91. Bf1 Kg4 92. Bc4 Rf4 93. Be6+ Kg3 94. Bd5 Kh2 95. Ke2 h3 96. Ke3 Rf8 97. Bf3 Rxf3+ 98. Kxf3 Kg1 0-1

[Event "Olympiad Women 2024"]
[Site "Budapest HUN"]
[Date "2024.09.22"]
[Round "11.36"]
[Board "1"]
[White "February, Jesse Nikki"]
[Black "Arakhamia-Grant, Ketevan"]
[Result "1/2-1/2"]
[WhiteElo "2013"]
[BlackElo "2263"]
[PlyCount "114"]
[EventDate "2024.09.11"]
[WhiteTeam "South Africa"]
[BlackTeam "Scotland"]
[WhiteTeamCountry "RSA"]
[BlackTeamCountry "SCO"]

1. e4 c5 2. Be2 Nc6 3. d3 g6 4. f4 Bg7 5. Nf3 d6 6. c3 Nf6 7. Nbd2 ({RR} 7. Be3 O-O 8. Nbd2 b5 9. h3 b4 10. d4 bxc3 11. bxc3 Qa5 12. Rc1 Ba6 13. O-O Bxe2 14. Qxe2 cxd4 15. cxd4 Rfc8 16. e5 Nd5 17. Nc4 Qa6 18. Bd2 Nb6 19. e6 Nxd4 20. exf7+ Kf8 21. Nxd4 Bxd4+ {0-1 Bortnyk,O (2608)-Bok,B (2620) Titled Tue 30th Jan Late 2024 (8)}) 7... O-O 8. O-O b5 9. Qe1 e5 $146 ({RR} 9... b4 10. Qh4 bxc3 11. bxc3 Nh5 12. e5 dxe5 13. fxe5 Ba6 14. Qe4 Qd7 15. Nb3 f5 16. Qh4 Nxe5 17. Nxc5 Qd6 18. Nxa6 Qxa6 19. Nxe5 Bxe5 20. Bxh5 gxh5 21. d4 Bg7 22. Qxh5 Qc4 {½-½ Reinert,M (2260)-Iskov,G (2325) Time Manager Cup 1985 (3)}) ({RR} 9... e6 10. Ng5 Ne8 11. Qg3 f6 12. Nh3 b4 13. c4 Nd4 14. Bd1 d5 15. Nf2 Nd6 16. b3 dxc4 17. dxc4 Bb7 18. Qe3 Nf7 19. Nf3 e5 20. Nxd4 exd4 21. Qd3 Qc7 22. a3 a5 23. Bd2 Rae8 24. Bf3 {1-0 Pakosta,S (2205)-Banas,J (2425) Tatry op Tatranska Lomnica 1998 (6)}) 10. fxe5 dxe5 11. Nb3 b4 12. Bg5 h6 13. Bxf6 Bxf6 14. Nxc5 Qb6 15. Qf2 Be7 16. Nb3 Be6 17. Qxb6 axb6 18. d4 exd4 19. cxd4 Bxb3 20. axb3 Nxd4 21. Nxd4 Bc5 22. Rad1 Rad8 23. Bc4 Rxd4 24. Rxd4 Bxd4+ 25. Kh1 Bxb2 26. g3 Kg7 27. Rd1 Be5 28. Rd5 Kf6 29. Rb5 Bd4 30. Rxb4 Ke5 31. Bd3 Bc5 32. Rc4 Rd8 33. Bc2 Rd2 34. Rc3 h5 35. Rc4 g5 36. b4 Bd6 37. Ba4 Rb2 38. Be8 h4 39. b5 Bc5 40. Rc1 f6 41. Bc6 h3 42. Rf1 Bd4 43. Re1 Bc3 44. Rc1 Kd4 45. Bd7 Bd2 46. Rf1 Kxe4 47. Bxh3 Rxb5 48. Rxf6 Be3 49. Bf1 Rb2 50. Re6+ Kd4 51. Rd6+ Ke5 52. Rd1 b5 53. h4 gxh4 54. gxh4 Bf4 55. Bg2 b4 56. Kg1 Rc2 57. Rd5+ Ke6 1/2-1/2

[Event "Olympiad Women 2024"]
[Site "Budapest HUN"]
[Date "2024.09.22"]
[Round "11.36"]
[Board "2"]
[White "Roy, Ali"]
[Black "Klaasen, Robyn Julian"]
[Result "1/2-1/2"]
[WhiteElo "1961"]
[BlackElo "1764"]
[PlyCount "103"]
[EventDate "2024.09.11"]
[WhiteTeam "Scotland"]
[BlackTeam "South Africa"]
[WhiteTeamCountry "SCO"]
[BlackTeamCountry "RSA"]

1. Nf3 {Chessbase} c5 2. g3 Nc6 3. Bg2 g6 4. O-O Bg7 5. d3 d6 6. e4 Nf6 7. a4 O-O 8. Nbd2 Rb8 9. Nc4 h6 ({RR} 9... Be6 10. Ne3 ({RR} 10. Ne3 a6 11. Ng5 Bd7 12. f4 b5 13. axb5 axb5 14. Kh1 Qc7 15. Bd2 b4 16. b3 Nd4 17. Rc1 Ra8 18. f5 Ra2 19. g4 Bb5 20. Rg1 Rfa8 21. Nf3 Nd7 22. Nd5 Qd8 23. Bg5 Nf6 24. Bxf6 Bxf6) 10... a6 11. Ng5 Bd7 12. f4 b5 13. axb5 axb5 14. Kh1 Qc7 15. Bd2 b4 16. b3 Nd4 17. Rc1 Ra8 18. f5 Ra2 19. g4 Bb5 20. Rg1 Rfa8 21. Nf3 Nd7 22. Nd5 Qd8 23. Bg5 Nf6 24. Bxf6 {0-1 Kasimdzhanov,R (2700)-Radjabov,T (2724) Wch Blitz 8th 2014 (15)}) ({RR} 9... Be6 10. Nfd2 Qd7 ({RR} 10... d5 11. exd5 Bxd5 12. Bxd5 Qxd5 13. Ne3 Qd7 14. f4) 11. f4 d5 12. Ne3 dxe4 13. Nxe4 Nxe4 14. dxe4 Qc8 15. c3 f6 16. f5 Bf7 17. Nd5 e6 18. fxe6 Qxe6 19. Be3 b6 20. Bf4 Rbd8 21. Qc2 Kh8 22. Rad1 Bg8 23. Be3 Ne5 {½-½ Baptista,A (1913)-Da Silva,L (2088) IV Niterói Chess Open 2024 (2)}) ({RR} 9... d5 10. exd5 Nxd5 11. Bd2 Nd4 12. Nxd4 cxd4 13. Re1 b6 14. Qc1 Bb7 15. Bh6 Qd7 16. Bxg7 Kxg7 17. Ne5 Qd6 18. Nc4 Qc7 19. Qd2 f6 20. Re6 Rf7 21. Rae1 Qd7 22. a5 b5 23. Na3 a6 24. Qe2) 10. Qe2 $146 ({RR} 10. Re1 Be6 11. Bd2 Nd7 12. Qc1 Kh7 13. h4 Qc8 14. Ne3 b5 15. axb5 Rxb5 16. Bc3 Bxc3 17. bxc3 Nf6 18. c4 Rb8 19. Nd5 Ng8 20. c3 Bg4 21. Qc2 e6 22. Ne3 Bxf3 23. Bxf3 Nf6 24. Bg2 Qc7 {½-½ Michalek,J (2365)-Porat,S (2230) Schneider Bohemia op 2001 (5)}) ({RR} 10. Nh4 Be6 11. Ne3 d5 12. Qe2 Nd4 13. Qd1 dxe4 14. dxe4 Qc8 15. f4 Ng4 16. Nd5 Bxd5 17. exd5 h5 18. f5 Nxf5 19. Nxf5 gxf5 20. c3 c4 21. Qe2 e6 22. h3 Nf6 {½-½ Hoehne,V-Ruhrberg,M Hessen qual Limburg 1992 (8)}) ({RR} 10. Bd2 Be6 11. Re1 Nd7 12. Qc1 Kh7 13. Ne3 a6 14. h4 b5 15. axb5 axb5 16. h5 b4 17. Nd5 b3 18. c3 Bxd5 19. exd5 Nce5 20. Nxe5 Nxe5 21. Qb1 Rb7 22. Bf4 Qb6 23. Be4 f5 24. Bg2 g5 {½-½ Annaberdiev,M (2279)-Mamedov,R (2358) Dubai op 2002 (8)}) 10... e5 11. c3 Re8 12. Nfd2 Bg4 13. f3 Be6 14. f4 exf4 15. gxf4 Nh7 16. Ne3 Ne7 17. Nf3 Qd7 18. d4 Bh3 19. Nc4 Bxg2 20. Qxg2 cxd4 21. Nxd4 Rbc8 22. Ne3 Nc6 23. Nxc6 Qxc6 24. Nd5 Nf6 25. Nxf6+ Bxf6 26. e5 Qb6+ 27. Qf2 Qxf2+ 28. Rxf2 dxe5 29. fxe5 Bxe5 30. Bxh6 Rcd8 31. Bg5 Rd6 32. Raf1 Rd7 33. Rf3 Bg7 34. Kg2 Re2+ 35. R1f2 Rxf2+ 36. Kxf2 Rd5 37. h4 Be5 38. Ke2 Kg7 39. b4 f6 40. Bf4 Bxf4 41. Rxf4 g5 42. Rc4 gxh4 43. Rxh4 a6 44. a5 Kg6 45. Rc4 f5 46. Rc7 Rb5 47. Kf3 Kf6 48. Kf4 Ke6 49. Rc4 Kd5 50. Rd4+ Ke6 51. Rc4 Kd5 52. Rd4+ 1/2-1/2

[Event "Olympiad Women 2024"]
[Site "Budapest HUN"]
[Date "2024.09.22"]
[Round "11.36"]
[Board "3"]
[White "Nel, Hayley"]
[Black "Cooke, Suzie G."]
[Result "1-0"]
[WhiteElo "1753"]
[BlackElo "1941"]
[PlyCount "139"]
[EventDate "2024.09.11"]
[WhiteTeam "South Africa"]
[BlackTeam "Scotland"]
[WhiteTeamCountry "RSA"]
[BlackTeamCountry "SCO"]

1. c4 Nf6 2. Nc3 c5 3. g3 e6 4. e4 Nc6 5. Bg2 d6 6. Nge2 Be7 7. O-O Nd4 8. Nxd4 cxd4 9. Ne2 e5 10. d3 O-O 11. Bd2 a5 12. b3 $146 ({RR} 12. a3 a4 13. b4 b5 14. Rc1 Be6 15. Bg5 Nd7 16. Bxe7 Qxe7 17. cxb5 Nf6 18. Rc6 Bd7 19. Rc7 Rfb8 20. Qc2 Rxb5 21. Bh3 Qd8 22. Bxd7 Nxd7 23. Qc6 Nf6 24. Qxb5 Qxc7 25. Rc1 Qd8 26. Qc6 h5 {0-1 Schoenbauer,M (1998)-Martin,H (1801) Regionalliga SW 0405 2004 (4.8)}) 12... Bd7 13. f4 b5 14. a4 b4 15. f5 Bc6 16. Kh1 Nd7 17. Ra2 Nc5 18. Nc1 Bg5 19. Qh5 Bf6 20. g4 g6 21. Qh3 Bg5 22. Bxg5 Qxg5 23. Raf2 Bd7 24. Qg3 f6 25. h4 Qh6 26. g5 fxg5 27. Qxg5 Qxg5 28. hxg5 Kg7 29. Bh3 Rad8 30. f6+ Kf7 31. Bxd7 Rxd7 32. Rh2 Rh8 33. Rh6 Ne6 34. Rg1 Nf4 35. Rg4 Rc7 36. Kg1 Kf8 37. Kf2 Ne6 38. Kf3 Nd8 39. Rg2 Nf7 40. Rh1 Nd8 41. Rh6 Nf7 42. Rh1 Nd8 43. Ke2 Ne6 44. Kd2 Nf4 45. Rg4 h5 46. Rxf4 exf4 47. Ne2 Kf7 48. Nxd4 Rc5 49. Nf3 h4 50. d4 Rcc8 51. Rh3 Rce8 52. Kd3 Rh5 53. e5 dxe5 54. dxe5 Rd8+ 55. Ke4 Rd1 56. c5 Ke6 57. Nd4+ Rxd4+ 58. Kxd4 Kf5 59. f7 Rh8 60. Rxh4 Rf8 61. Rxf4+ Kxf4 62. e6 Kxg5 63. e7 Rxf7 64. e8=Q Rf4+ 65. Kd3 Rf3+ 66. Kc4 Rc3+ 67. Kb5 Rxb3 68. c6 Rc3 69. Qe5+ Kh4 70. Qxc3 1-0